Gaming Quiz

Random Gaming or Pokémon Quiz

Untrainable Pokémon Quiz Stats

Quiz Updated Dec 3, 2015

Challenge
Share
Tweet
Embed
Score 0/16 Timer 03:00
0 Plays Today
% Correct
Magikarp
74.5%
Ditto
61.7%
Smeargle
42.7%
Metapod
39.8%
Kakuna
38.9%
Caterpie
36.6%
Weedle
36.1%
Unown
24%
% Correct
Cascoon
21%
Silcoon
20.7%
Wurmple
20.2%
Cosmog
14.4%
Scatterbug
12.7%
Cosmoem
12.7%
Beldum
11.2%
Combee
7.9%

You're not logged in!

Compare scores with friends on all Sporcle quizzes.
Join for Free
OR
Log In

You Might Also Like...

Show Comments

Extras

Top Quizzes Today


Score Distribution

Your Account Isn't Verified!

In order to create a playlist on Sporcle, you need to verify the email address you used during registration. Go to your Sporcle Settings to finish the process.

Report this User

Report this user for behavior that violates our Community Guidelines.

Details: